000 00491nam a2200169 i 4500
001 29767
003 ES-MaACL
005 20250920063033.0
007 t|
008 030122s1914 fr ||||1| fre d
100 1 _aBarrès, Maurice,
_d1862-1923
_925947
245 1 3 _aLa grande pitié des églises de France /
_cMaurice Barrés.
260 _aParís :
_b[s.n.,
_c1914] (
_fChaix et Cie)
300 _aIII, 419 p. ;
_c19 cm.
852 _aES-MaACL
_jF-6762
999 _c29767
_d29767